Statistics for All UFC Women's Bantamweight Champions

Click here to take the quiz!

General Stats

  • This quiz has been taken 57 times
    (17 since last reset)
  • The average score is 6 of 7

Answer Stats

Title ReignSuccessful DefensesChampion% Correct
2012-20156Ronda Rousey
100%
2022-20231Amanda Nunes
93%
2016-20215Amanda Nunes
93%
2015-20160Holly Holm
93%
2024-Present0Raquel Pennington
73%
2021-20220Julianna Peña
67%
20160Miesha Tate
53%

Score Distribution

Percentile by Number Answered

Percent of People with Each Score

Your Score History

You have not taken this quiz since the last reset